MARC

Tag First Indicator Second Indicator Subfields
LEADER 00000cam a2200000Ia 4500
001 in00002311613
005 20190326202235.0
006 m | d |
007 cr |n||||||||n
008 901009s1790 fr s 000 0 fre d
040 |a TXA  |c GKS  |d OCL  |d Thomson Gale  |d UtOrBLW 
043 |a e-fr--- 
100 1 |a Mirabeau, Honoré-Gabriel de Riqueti,  |c comte de,  |d 1749-1791. 
245 1 0 |a Observations sur le second rapport du Comité des monnoies /  |c par M. Mirabeau l'ainé. 
264 1 |a Paris :  |b Chez Baudouin,  |c [1790?] 
300 |a 16 pages 
336 |a text  |b txt  |2 rdacontent 
337 |a computer  |b c  |2 rdamedia 
338 |a online resource  |b cr  |2 rdacarrier 
500 |a Caption title. Imprint from colophon. 
500 |a Reproduction of original from Kress Library of Business and Economics, Harvard University. 
500 |a Goldsmiths'-Kress number 14462.97. 
510 4 |a OCLC,  |c 22482066 
533 |a Electronic reproduction.  |b Farmington Hills, Mich. :  |c Thomson Gale,  |d 2005.  |f (The making of the modern world).  |n Available via the World Wide Web.  |n Access limited to licensing agreements.  |7 s2005 miunns 
500 |a Electronic resource. 
650 0 |a Finance, Public  |z France  |x History  |y 1789-1871. 
650 0 |a Money  |z France. 
651 0 |a France  |x History  |y Revolution, 1789-1799  |x Economic aspects. 
655 0 |a Electronic books. 
710 1 |a France.  |b Assemblée nationale constituante (1789-1791).  |b Comité des monnoies. 
830 0 |a Making of the modern world (Goldsmiths'-Kress Library of Economic Literature) 
856 4 0 |u http://proxy.library.tamu.edu/login?url=http://galenet.galegroup.com/servlet/MOME?af=RN&ae=U102304638&srchtp=a&ste=14&locID=txshracd2898  |z Connect to the full text of this electronic book  |t 0 
999 |a MARS 
999 f f |s 02bf7c4e-f056-3442-8ecf-48edbe80c91c  |i 53e9c509-ec9a-346e-a2cc-45fc0d682093  |t 0 
952 f f |a Texas A&M University  |b College Station  |c Electronic Resources  |d Available Online  |t 0  |h No information provided 
998 f f |t 0  |l Available Online